| 000 | 00612nam a2200169Ia 4500 | ||
|---|---|---|---|
| 999 |
_c12802 _d12802 |
||
| 082 | _aRH 0051 | ||
| 100 | _aHazarika, Padmalochan | ||
| 245 | 0 |
_aDisparities in the levels of development in Assam: a spatio-temporal analysis _b: |
|
| 260 |
_c2009 _bIndian Council of Social Science Research, New Delhi |
||
| 300 | _a260 | ||
| 504 | _ainclude appendices and bibliography | ||
| 650 |
_aIndustrialization _zIndia _zAssam |
||
| 650 |
_aAssam (India) _vEconomic conditions |
||
| 650 |
_aAgricultural development _zIndia _zAssam |
||
| 650 |
_aEconomic development _vRegional disparities _zIndia _zAssam |
||
| 942 |
_cRP _2ddc |
||